Дууч шувууд (Бичлэгийн дугаар. 860986)

MARC дэлгэрэнгүй
000 -Удирдлага
Ном зүйн бүртгэл тоо буюу кодлох утгыг агуулсан 00594nam a22002177a 4500
008 - ЕРӨНХИЙ МЭДЭЭЛЭЛ-ЭЛЕМЕНТҮҮДИЙН ӨГӨГДЛИЙН УРТ
fixed length control field 240609b mp ||||| |||| 00| 0 mon d
020 ## - ОЛОН УЛСЫН СТАНДАРТ НОМЫН ДУГААР-ISBN
Олон Улсын Стандарт Номын Дугаар 99929-0-475-5
035 ## - СИСТЕМИЙН ХЯНАЛТЫН ДУГААР
Системийн хяналтын дугаар 717
040 ## - ЭХ СУРВАЛЖИЙГ ТОДОРХОЙЛОН БИЧИХ
Анхны каталогийн байгууллага HUV0167120
Каталогийн хэл Монгол
Бичлэг хийж нэвтрүүлэх байгууллага MN-UlNLM
Өөрчлүүлэх байгууллага MN-UlNLM
Бичиглэлийн тодорхойлолт rda
041 ## - ХЭЛНИЙ КОД
Текстийн хэлний код/фонограм буюу салангид гарчиг Монгол
042 ## - AUTHENTICATION CODE
Authentication code 853
084 ## - БУСАД АНГИЛЛЫН ДУГААР
Ангиллын нэр Номын сан номзүйн ангилал
Анги 28.693.35
Зохиогчийн 3-н тэмдэгт К.921
100 ## - ЗОХИОГЧИЙН ХЭСЭГ
Зохиогчийн нэр Куппэр Х.
245 #0 - ҮНДСЭН ГАРЧИГ
Гарчиг Дууч шувууд
264 ## - ГАРАЛТЫН МЭДЭЭ
Хэвлэгдсэн газар Улаанбаатар
Бүтээгч, хэвлэгч, түгээгч, үйлдвэрлэгчийн нэр Адмон ХХК
Хэвлэгдсэн он 2006
300 ## - ТООНЫ МЭДЭЭ
Хуудасны тоо 20х.
336 ## - АГУУЛГЫН ТӨРӨЛ
Нөөц rdacontent
Агуулгын төрлийн нөхцөл text
Агуулгын төрлийн код txt
337 ## - MEDIA TYPE
Эх сурвалж rdamedia
Файлын төрөл unmediated
Файлын код n
338 ## - CARRIER TYPE
Source rdacarrier
Carrier type term volume
Carrier type code nc
942 ## - ЭЛЕМЕНТИЙН ТӨРӨЛ
Анги Номын сан номзүйн ангилал
Төрөл Ном
Захиалгууд
Буцаан татагдсан төлөв Хасагдсан шалтгаан Гэмтсэн төлөв Данс заагч Захиалах боломжгүй Үндсэн номын сан Одоогийн байршил Салбар танхим Салбар танхим Бүртгэсэн огноо Тавиурын заалт Баркод Үнэ Хамгийн сүүлд байсан огноо Нийт уншлаганд гарсан тоо Дансны дугаар Төрөл
          Хөвсгөл аймаг Хөвсгөл аймаг Хөвсгөл | Үндсэн фонд Хөвсгөл | Үндсэн фонд 2024-06-09 28.693.35 К.921 HUV01717-1 1000.00 2024-06-09   45504 Ном
          Хөвсгөл аймаг Хөвсгөл аймаг Хөвсгөл | Нийтийн уншлагын танхим Хөвсгөл | Нийтийн уншлагын танхим 2024-06-09 28.693.35 К.921 HUV01717-1-1 625.00 2024-06-09   142 Ном
          Хөвсгөл аймаг Хөвсгөл аймаг Хөвсгөл | Үндсэн фонд Хөвсгөл | Үндсэн фонд 2024-06-09 28.693.35 К.921 HUV01717-2 625.00 2024-06-09   140 Ном
          Хөвсгөл аймаг Хөвсгөл аймаг Хөвсгөл | Хүүхдийн уншлагын танхим Хөвсгөл | Хүүхдийн уншлагын танхим 2024-06-09 28.693.35 К.921 HUV01717-2-1 625.00 2024-06-09   145 Ном
          Хөвсгөл аймаг Хөвсгөл аймаг Хөвсгөл | Хүүхдийн уншлагын танхим Хөвсгөл | Хүүхдийн уншлагын танхим 2024-06-09 28.693.35 К.921 HUV01717-2-2 625.00 2024-06-09   146 Ном
          Хөвсгөл аймаг Хөвсгөл аймаг Хөвсгөл | Гэрээр ном олгох Хөвсгөл | Гэрээр ном олгох 2024-06-09 28.693.35 К.921 HUV01717-3-2 625.00 2024-06-09   143 Ном
          Хөвсгөл аймаг Хөвсгөл аймаг Хөвсгөл | Гэрээр ном олгох Хөвсгөл | Гэрээр ном олгох 2024-06-09 28.693.35 К.921 HUV01717-3-3 625.00 2024-06-09   144 Ном
          Хөвсгөл аймаг Хөвсгөл аймаг Хөвсгөл | Үндсэн фонд Хөвсгөл | Үндсэн фонд 2024-06-09 28.693.35 К.921 HUV01717-4-3 625.00 2024-06-09   141 Ном